Statistiques concernant Les pronoms

Cliquez ici pour prendre le quiz!

Statistiques générales

  • Ce quiz a été pris 84 fois
  • Le résultat moyen est 65 sur 140

Statistiques - réponses

HintRéponse% Correct
Formes précédées d’une préposition ou séparées du verbe | Pronoms personnels fonction sujetElle
99%
Pronoms personnels fonction sujetIl
99%
Pronoms personnels fonction sujetJe
96%
Pronoms personnels fonction sujetTu
96%
Pronoms personnels fonction sujetIls
95%
Formes précédées d’une préposition ou séparées du verbe | Pronoms personnels fonction COD | Pronoms personnels fonction COI | Pronoms personnels fonction sujetNous
95%
Formes précédées d’une préposition ou séparées du verbe | Pronoms personnels fonction sujetElles
93%
Formes précédées d’une préposition ou séparées du verbeElles | elles-mêmes
93%
Pronoms personnels fonction sujetOn
93%
Formes précédées d’une préposition ou séparées du verbe | Pronoms personnels fonction COD | Pronoms personnels fonction COI | Pronoms personnels fonction sujetVous
93%
Pronoms personnels fonction CODLe
81%
Pronoms personnels fonction CODLa
77%
Pronoms personnels fonction COD | Pronoms personnels fonction COIMe
76%
Pronoms personnels fonction COD | Pronoms personnels fonction COITe
76%
Pronoms démonstratifs neutre singulierC’
75%
Pronoms personnels fonction COD | Pronoms personnels fonction COISe
73%
Pronoms personnels fonction CODLes
72%
Pronoms démonstratifs neutre singulierCe
71%
Pronoms possessifs féminin singulierLa leur
63%
Pronoms possessifs féminin singulierLa nôtre
63%
Pronoms possessifs féminin singulierLa vôtre
63%
Pronoms possessifs masculin singulierLe leur
63%
Pronoms possessifs masculin singulierLe nôtre
63%
Pronoms possessifs masculin singulierLe vôtre
63%
Formes précédées d’une préposition ou séparées du verbe | Pronoms personnels fonction COILui
63%
Pronoms personnels fonction COILeur
61%
Formes précédées d’une préposition ou séparées du verbeMoi
61%
Pronoms possessifs féminin pluriel | Pronoms possessifs masculin plurielLes leurs
60%
Formes précédées d’une préposition ou séparées du verbeEux
59%
Formes précédées d’une préposition ou séparées du verbeEux | eux-mêmes
59%
Pronoms possessifs féminin singulierLa mienne
59%
Pronoms possessifs féminin singulierLa tienne
59%
Pronoms possessifs masculin singulierLe mien
59%
Pronoms possessifs féminin pluriel | Pronoms possessifs masculin plurielLes nôtres
59%
Pronoms possessifs féminin plurielLes tiennes
59%
Pronoms possessifs féminin pluriel | Pronoms possessifs masculin plurielLes vôtres
59%
Pronoms possessifs masculin singulierLe tien
59%
Pronoms possessifs féminin plurielLes miennes
57%
Pronoms possessifs masculin plurielLes miens
57%
Pronoms possessifs masculin plurielLes tiens
57%
Formes précédées d’une préposition ou séparées du verbeToi
57%
Forme simple | Formes simples
56%
Les pronoms numérauxUn
56%
Pronoms possessifs féminin singulierLa sienne
55%
Pronoms possessifs masculin singulierLe sien
55%
Pronoms possessifs féminin plurielLes siennes
55%
Forme simple | Formes simplesQue
55%
Les pronoms numérauxUne
55%
Forme simple | Formes simplesQui
53%
Pronoms possessifs masculin plurielLes siens
52%
Pronoms démonstratifs masculin plurielCeux
49%
Forme simpleQuoi
48%
Pronoms démonstratifs masculin singulierCelui
47%
Pronoms démonstratifs féminin singulierCelle
45%
Pronoms démonstratifs féminin plurielCelles
43%
Les pronoms numérauxDeux
43%
Les pronoms numérauxTrois
43%
Formes simplesDont
28%
Formes composéesLequel
28%
Formes composéesLequel | par lequel
28%
Formes composéesÀ laquelle
27%
Pronoms démonstratifs neutre singulierCela
27%
Pronoms démonstratifs féminin singulierCelle-là
27%
Pronoms démonstratifs masculin plurielCeux-ci
27%
Pronoms démonstratifs masculin plurielCeux-là
27%
Les pronoms indéfinisTout
27%
Pronoms démonstratifs féminin singulierCelle-ci
25%
Pronoms démonstratifs féminin plurielCelles-là
25%
Pronoms démonstratifs masculin singulierCelui-ci
25%
Pronoms démonstratifs masculin singulierCelui-là
25%
Formes composéesLaquelle
25%
Formes composéesLaquelle | par laquelle
25%
Formes composéesAuquel
24%
Pronoms démonstratifs neutre singulierÇa
24%
Les pronoms numérauxDeuxième
24%
Formes composéesLesquels
24%
Formes composéesLesquels | par lesquels
24%
Les pronoms numérauxPremier
24%
Les pronoms numérauxTroisième
24%
Formes composéesAuxquels
23%
Pronoms démonstratifs féminin plurielCelles-ci
23%
Formes composéesLesquelles
23%
Formes composéesLesquelles | par lesquelles
23%
Les pronoms indéfinisTous
23%
Les pronoms indéfinisAucun
21%
Formes composéesDuquel
21%
Formes composéesAuxquelles
20%
Pronoms démonstratifs neutre singulierCeci
19%
Les pronoms indéfinisRien
19%
Formes composéesDesquels
17%
Les pronoms indéfinisToutes
17%
Pronoms adverbiauxY
17%
Formes composéesDe laquelle
16%
Formes composéesDesquelles
16%
Pronoms adverbiauxEn
16%
Les pronoms indéfinisNul
16%
Les pronoms indéfinisPlusieurs
16%
Formes précédées d’une préposition ou séparées du verbeSoi
16%
Les pronoms indéfinisPersonne
15%
Les pronoms indéfinisCertains
11%
Les pronoms indéfinisChacun
11%
Les pronoms indéfinisLe même
9%
Les pronoms indéfinisQuelques uns
8%
Les pronoms indéfinisLes mêmes
5%
Les pronoms indéfinisQuelqu’un
4%
Les pronoms numérauxPremiers
3%
Les pronoms indéfinisQuelque chose
3%
Les pronoms indéfinisQuiconque
3%
Les pronoms indéfinisN’importe lequel
1%
Les pronoms indéfinisLes uns… les autres
0%
Les pronoms indéfinisL’un… l’autre
0%

Distribution des résultats

Percentile par nombre de réponses

% des personnes avec chaque résultat

Votre développement - résultats

Vous n’avez pas pris ce quiz